000 00959nam a2200301 i 4500
999 _c171760
_d171760
001 C2-0237376
003 PPAK
005 20190417160729.0
008 011220t20182018-uka|||a ||||| | 1 eng d
020 _a9781786175120
_cRM6.29
_qpaperback
040 _aPPAK
_beng
_cPPAK
_erda
082 0 4 _a428.6
_223
090 0 0 _a428.6
_bBRO
_dK
100 1 _aBromage, Fran
_eauthor
245 1 0 _aVelociraptor :
_bThe speedy tale /
_cWritten by Fran Bromage ; Illustrated by Louise Forshaw
264 1 _a[United Kingdom] :
_bMiles Kelly Publishing Ltd.,
_c2018
264 4 _c©2018
300 _a[23] pages :
_bcolour illustrations ;
_c18 cm
336 _2rdacontent
_atext
337 _2rdamedia
_aunmediated
338 _2rdacarrier
_avolume
490 1 _aDinosaur Adventures
_v20
650 1 0 _aReaders (Elementary)
650 2 0 _aChildren's stories, English
700 1 _aForshaw, Louise
_eillustrator
830 0 _aDinosaur Adventures
_n20
942 _cB
_2ddc